000 00905cam a2200277 a 4500
001 3369972
003 ARRUPE
005 20131111121147.0
008 891021s1988 cau b 000 0 eng
010 _a 87060886
020 _a0865472912 (alk. paper)
040 _aDLC
_cDLC
_dDLC
050 0 0 _aP211
_b.I45 1988
082 0 0 _a302.2/244
_220
100 1 _aIllich, Ivan,
_d1926-2002.
_93524
245 1 0 _aABC :
_bthe alphabetization of the popular mind /
_cby Ivan Illich and Barry Sanders.
260 _aSan Francisco :
_bNorth Point Press,
_c1988.
300 _axi, 166 p. ;
_c21 cm.
504 _aIncludes bibliographical references.
650 0 _aWritten communication
_xHistory.
_93525
650 0 _aLiteracy
_xHistory.
_93526
650 0 _aAlphabet
_xHistory.
_93527
700 1 _aSanders, Barry,
_d1938-
_93528
906 _a7
_bcbc
_corignew
_d2
_eopcn
_f19
_gy-gencatlg
942 _2lcc
_cMONOGRAPH
999 _c118591
_d118591